• 首页
  • 本馆介绍
  • 公告通知
  • 最新文献
  • 馆藏检索
  • 电子资源
  • 读者导购
  • 参考咨询
  • 我的图书馆
  • 登录
  • 详细信息显示
  • 放入我的书架
  • 预约/预借图书
  • 作者相关作品
  • 分类相关作品
  • 丛书相关作品
  • 出版社相关作品

书目信息

  • 表格格式
  • 工作单格式
  • 卡片格式
题名:
工厂常用三角计算法
    
 
作者: 张耀卿 编著
分册:  
出版信息: 北京   机械工业出版社  1973
页数: 73页
开本: 20cm
丛书名: 机械工人学习材料
单 册:
中图分类: O29
科图分类:
主题词: 应用数学 , 数学--应用
电子资源:
ISBN:
000 00701nam0 2200253 450
001 0552340305
005 20060317094230.57
010    @dCNY0.18
100    @a20051122d1973 km y0chiy0120 ea
101 0  @achi
102    @aCN@b110000
102    @aCN@b110000
200 1  @a工厂常用三角计算法@Agong chang chang yong san jiao ji suan fa@f张耀卿编著@Fzhang yao qing bian zhu
205    @a3版@b修订版
210    @a北京@c机械工业出版社@d1973
215 1  @a73页@d20cm
225 2  @a机械工人学习材料
410  0 @12001 @a机械工人学习材料
606 0  @a应用数学
606 0  @a数学@x应用
690    @aO29@v4
701  0 @a张耀卿@Azhang yao qing@4编著
801  0 @aCN@bPFT@c20060317
905    @a10447@dO29@e10
    
    工厂常用三角计算法/张耀卿编著.-3版,修订版.-北京:机械工业出版社,1973
    73页;20cm.-(机械工人学习材料)
    
    
    ISBN :CNY0.18
    
●
相关链接 在E读中查询图书 在五车中查询图书 在当当中查询图书 在豆瓣中查询图书


正题名:工厂常用三角计算法     索取号:O29/10         预约/预借

序号 登录号 条形码 馆藏地/架位号 状态 备注
1 0006595   202148292   密集书库/ [索取号:O29/10] 在馆    
2 0006596   202207432   密集书库/ [索取号:O29/10] 在馆    
3 0006598   202207478   密集书库/ [索取号:O29/10] 在馆    
唐山师范学院图书馆 欢迎您!
大连网信软件有限公司© 版权所有